[Event "LV C.to Torinese Assoluto"]
[Site "Torino ITA"]
[Date "2010.11.29"]
[Round "4"]
[White "Banchio, Davide"]
[Black "Bussa, Paolo"]
[Result "1-0"]
[WhiteElo "1945"]
[BlackElo "1909"]
[PlyCount "57"]
[EventDate "2010.11.08"]

1. e4 c6 2. d4 d5 3. Nc3 dxe4 4. Nxe4 Bf5 5. Ng3 Bg6 6. h4 h6 7. Nh3 Nf6 8. Nf4
Bh7 9. Bc4 Nbd7 10. O-O Nb6 11. Bb3 Qc7 12. Qe2 Nbd5 13. Nfh5 e6 14. c4 Nxh5
15. Nxh5 Nf6 16. Bf4 Bd6 17. Nxg7+ Ke7 18. Bxd6+ Qxd6 19. d5 Rag8 20. dxe6 Rxg7
21. c5 Qd3 22. Qxd3 Bxd3 23. Rfe1 Be4 24. exf7 Kf8 25. g3 Bd5 26. Bxd5 Nxd5 27.
Re8+ Kxf7 28. Rxh8 Nf4 29. Rxh6 1-0

[Event "LV C.to Torinese Assoluto"]
[Site "Torino ITA"]
[Date "2010.11.29"]
[Round "4"]
[White "Barletta, Mauro"]
[Black "Gallucci, Alessio"]
[Result "1/2-1/2"]
[WhiteElo "2229"]
[BlackElo "2185"]
[PlyCount "46"]
[EventDate "2010.11.08"]

1. d4 Nf6 2. Nc3 d5 3. Bg5 Ne4 4. Nxe4 dxe4 5. e3 c6 6. Qd2 a5 7. O-O-O Qd5 8.
Bh4 Qxa2 9. Qc3 e6 10. Bc4 Qa1+ 11. Kd2 Qa4 12. Qb3 Qxb3 13. Bxb3 a4 14. Ra1 b5
15. Ne2 Nd7 16. Ng3 Nb6 17. Ba2 f5 18. f3 exf3 19. gxf3 Bd6 20. Nh5 Kf7 21. Bg3
Bxg3 22. Nxg3 Nd5 23. c3 g6 1/2-1/2

[Event "LV C.to Torinese Assoluto"]
[Site "Torino ITA"]
[Date "2010.11.29"]
[Round "4"]
[White "Davi, Alessandro"]
[Black "Settis, Massimo"]
[Result "0-1"]
[WhiteElo "2055"]
[BlackElo "1970"]
[PlyCount "65"]
[EventDate "2010.11.08"]

1. c4 Nf6 2. Nf3 c5 3. Nc3 d5 4. cxd5 Nxd5 5. g3 g6 6. Bg2 Bg7 7. O-O O-O 8.
Qb3 Nxc3 9. dxc3 Nc6 10. Be3 b6 11. Rfd1 Qe8 12. Ng5 Na5 13. Bxa8 Nxb3 14. axb3
a5 15. Rd2 h6 16. Nf3 Be6 17. Bd5 Bxd5 18. Rxd5 Qb5 19. Nd2 Kh7 20. Rd1 Rb8 21.
Rd3 Rb7 22. c4 Qc6 23. Nf3 Bxb2 24. h4 a4 25. bxa4 Qxa4 26. R3d2 Bf6 27. Kg2
Qxc4 28. Rd8 Qe6 29. Rh1 Rd7 30. Rb8 Qc6 31. g4 Bd4 32. Bc1 Qe4 33. Kg3 0-1

[Event "LV C.to Torinese Assoluto"]
[Site "Torino ITA"]
[Date "2010.11.29"]
[Round "4"]
[White "Fabbri, Mario"]
[Black "Grinza, Andrea"]
[Result "1/2-1/2"]
[WhiteElo "2183"]
[BlackElo "2207"]
[PlyCount "29"]
[EventDate "2010.11.08"]

1. d4 d5 2. c4 e6 3. Nc3 Nf6 4. Bg5 Be7 5. e3 Nbd7 6. Nf3 c6 7. Rc1 O-O 8. Bd3
dxc4 9. Bxc4 Nd5 10. Bxe7 Qxe7 11. O-O Nxc3 12. Rxc3 e5 13. Nxe5 Nxe5 14. dxe5
Qxe5 15. f4 1/2-1/2

[Event "LV C.to Torinese Assoluto"]
[Site "Torino ITA"]
[Date "2010.11.29"]
[Round "4"]
[White "Fassio, Luca"]
[Black "Castaldo, Folco"]
[Result "0-1"]
[WhiteElo "2071"]
[BlackElo "2419"]
[PlyCount "56"]
[EventDate "2010.11.08"]

1. e4 c5 2. c3 g6 3. d4 cxd4 4. cxd4 d5 5. e5 Bg7 6. Nc3 Nc6 7. Bb5 Nh6 8. Nge2
O-O 9. O-O Nf5 10. Qa4 Bd7 11. Rd1 e6 12. Bxc6 Bxc6 13. Qc2 f6 14. f4 fxe5 15.
fxe5 Qh4 16. g3 Qg4 17. Nf4 Nxd4 18. Rxd4 Bxe5 19. Nce2 Bxd4+ 20. Nxd4 e5 21.
Nxc6 bxc6 22. Ng2 Rf6 23. Bh6 Rb8 24. Be3 d4 25. Bd2 Qe2 26. Qd1 Qf2+ 27. Kh1
Rxb2 28. Rb1 Rxb1 0-1

[Event "LV C.to Torinese Assoluto"]
[Site "Torino ITA"]
[Date "2010.11.29"]
[Round "4"]
[White "Giacometto, Mario"]
[Black "Vozza, Nicola"]
[Result "1-0"]
[WhiteElo "1995"]
[BlackElo "1902"]
[PlyCount "117"]
[EventDate "2010.11.08"]

1. e4 e5 2. Bc4 Nf6 3. d3 Nc6 4. Nc3 Na5 5. Nge2 Nxc4 6. dxc4 Be7 7. O-O O-O 8.
b3 d6 9. Ng3 g6 10. Bh6 Re8 11. h3 Kh8 12. Nd5 Ng8 13. Nxe7 Nxh6 14. Nxc8 Rxc8
15. Qd2 Kg7 16. Rad1 Qh4 17. Qe3 f5 18. f4 fxe4 19. fxe5 Rxe5 20. Rf4 Qg5 21.
h4 Ng4 22. hxg5 Nxe3 23. Rd2 Rce8 24. Re2 Nf5 25. Nf1 Nd4 26. Ref2 Rxg5 27. Ne3
Nf5 28. Nxf5+ Rxf5 29. Rxf5 gxf5 30. Rxf5 Kg6 31. Rf4 e3 32. Kf1 Re5 33. Ke2
Rg5 34. g4 Re5 35. Rf8 Kg5 36. Rg8+ Kh4 37. Rg7 Rg5 38. Rxh7+ Kxg4 39. Kxe3
Re5+ 40. Kd3 Rc5 41. b4 Rc6 42. Rf7 Kg5 43. Kd4 Kg6 44. Rf3 Rb6 45. Rb3 Ra6 46.
a3 Kf6 47. Re3 Kf7 48. Kd5 Kf6 49. c5 dxc5 50. bxc5 Rc6 51. Rb3 Ra6 52. Rxb7
c6+ 53. Kd6 Rxa3 54. Kxc6 Ke6 55. c4 a5 56. Rb5 a4 57. Kb7 Rb3 58. c6 Rxb5+ 59.
cxb5 1-0

[Event "LV C.to Torinese Assoluto"]
[Site "Torino ITA"]
[Date "2010.11.29"]
[Round "4"]
[White "Mazzetta, Renato"]
[Black "De Barberis, Massimo"]
[Result "0-1"]
[WhiteElo "1930"]
[BlackElo "2076"]
[PlyCount "138"]
[EventDate "2010.11.08"]

1. e4 c5 2. Nc3 Nc6 3. g3 g6 4. Bg2 Bg7 5. d3 d6 6. Nge2 e5 7. O-O Be6 8. Nd5
Qd7 9. a4 Nge7 10. Bh6 O-O 11. Bxg7 Kxg7 12. Nec3 Bg4 13. Qd2 Nxd5 14. Nxd5 Ne7
15. Nxe7 Qxe7 16. f4 Bd7 17. f5 f6 18. g4 gxf5 19. gxf5 Kh8 20. Kh1 Rg8 21. Rg1
Rg5 22. b3 Rag8 23. Bf3 Qg7 24. Rxg5 Qxg5 25. Qxg5 Rxg5 26. Rg1 Kg7 27. h4
Rxg1+ 28. Kxg1 d5 29. Kf2 d4 30. Kg3 Be8 31. Be2 Bf7 32. Kf2 Kf8 33. Ke1 Ke7
34. Kd2 Kd6 35. Kc1 a6 36. Kb2 b5 37. axb5 axb5 38. Kc1 Kc6 39. Kb2 Kb6 40. Ka2
Kc6 41. Kb2 Kd6 42. Kc1 c4 43. bxc4 bxc4 44. Kd2 Kc5 45. c3 cxd3 46. Bxd3 Bc4
47. Bc2 Bf1 48. Bb3 Bg2 49. Bd5 Bh3 50. Be6 Bf1 51. Bb3 Bb5 52. Bc2 Bc6 53. Bd3
Kd6 54. cxd4 exd4 55. Ke2 Ke5 56. Kf3 Be8 57. Kg4 Bf7 58. Kf3 Bh5+ 59. Kg3 Bd1
60. Bb1 Be2 61. Kf2 Bb5 62. Kf3 Bc4 63. Kg3 d3 64. Kf3 Kd4 65. Kf4 d2 66. Bc2
Be2 67. e5 fxe5+ 68. Kg5 d1=Q 69. Bxd1 Bxd1 0-1

[Event "LV C.to Torinese Assoluto"]
[Site "Torino ITA"]
[Date "2010.11.29"]
[Round "4"]
[White "Pepino, Enrico"]
[Black "Sarno, Spartaco"]
[Result "0-1"]
[WhiteElo "2206"]
[BlackElo "2325"]
[PlyCount "38"]
[EventDate "2010.11.08"]

1. e4 c5 2. Nf3 d6 3. d4 cxd4 4. Nxd4 Nf6 5. Nc3 a6 6. Bc4 e6 7. Bb3 b5 8. Qf3
Qc7 9. Bg5 Nbd7 10. O-O-O Be7 11. Rhe1 O-O 12. Qh3 Nc5 13. f4 b4 14. e5 dxe5
15. fxe5 Nxb3+ 16. axb3 bxc3 17. Bxf6 gxf6 18. Qg4+ Kh8 19. exf6 Bxf6 0-1

[Event "LV C.to Torinese Assoluto"]
[Site "Torino ITA"]
[Date "2010.11.29"]
[Round "4"]
[White "Spatola, Davide"]
[Black "Pulito, Alberto"]
[Result "0-1"]
[WhiteElo "2022"]
[BlackElo "2271"]
[PlyCount "92"]
[EventDate "2010.11.08"]

1. Nf3 d6 2. g3 e5 3. Bg2 Nc6 4. d3 f5 5. e4 Nf6 6. Nc3 Be7 7. Be3 O-O 8. exf5
Bxf5 9. Qe2 d5 10. Bg5 e4 11. dxe4 dxe4 12. Qc4+ Kh8 13. Nd2 e3 14. Bxe3 Bxc2
15. Nd5 Nxd5 16. Qxd5 Nb4 17. Qxd8 Raxd8 18. O-O Bd3 19. Bxb7 Nc2 20. Rfc1 Nxa1
21. Rxa1 Rb8 22. Bd5 Rxb2 23. Bb3 Bb4 24. Nc4 Rb1+ 25. Rxb1 Bxb1 26. Bxa7 Bxa2
27. Bxa2 Ra8 28. Bb1 Rxa7 29. Bd3 Bc5 30. Nd2 g6 31. Ne4 Bd4 32. Kf1 Ra2 33.
Ke1 c5 34. h3 Kg7 35. g4 Kf8 36. h4 Ke7 37. h5 g5 38. f3 h6 39. Kd1 Kd7 40. Nd2
Kd6 41. Be4 Ke5 42. Nc4+ Kf4 43. Nd6 Bg7 44. Nc4 Rf2 45. Ke1 Rxf3 46. Bf5 Rg3
0-1

[Event "LV C.to Torinese Assoluto"]
[Site "Torino ITA"]
[Date "2010.12.03"]
[Round "5"]
[White "Banchio, Davide"]
[Black "Giacometto, Mario"]
[Result "0-1"]
[WhiteElo "1945"]
[BlackElo "1995"]
[PlyCount "94"]
[EventDate "2010.11.08"]

1. e4 Nf6 2. Nc3 d5 3. d4 dxe4 4. f3 e3 5. Bxe3 Bf5 6. Bc4 e6 7. Nge2 Be7 8. g4
Bg6 9. Nf4 Nd5 10. Ncxd5 Bh4+ 11. Kd2 exd5 12. Bxd5 c6 13. Bb3 Bg5 14. Qe2 O-O
15. Qc4 b5 16. Qc5 Nd7 17. Qxc6 Re8 18. h4 Ne5 19. Qxe8+ Qxe8 20. dxe5 Rd8+ 21.
Ke2 Bxf4 22. Bxf4 h5 23. Rad1 Rxd1 24. Rxd1 hxg4 25. fxg4 Qc6 26. Bd5 Qxc2+ 27.
Rd2 Qa4 28. Ke3 Qb4 29. h5 Bb1 30. a3 Qc5+ 31. Kf3 Qg1 32. e6 fxe6 33. Bxe6+
Kh7 34. g5 Qh1+ 35. Kg3 Qe1+ 36. Kf3 Qxe6 37. g6+ Bxg6 38. hxg6+ Qxg6 39. Rh2+
Kg8 40. Rg2 Qc6+ 41. Kg3 g6 42. Rd2 Kf7 43. Rd6 Qc5 44. Ra6 b4 45. Bd6 Qg1+ 46.
Kh4 Qf2+ 47. Kh3 Qf1+ 0-1

[Event "LV C.to Torinese Assoluto"]
[Site "Torino ITA"]
[Date "2010.12.03"]
[Round "5"]
[White "Barbiso, Tiziana"]
[Black "Fassio, Luca"]
[Result "0-1"]
[WhiteElo "2057"]
[BlackElo "2071"]
[PlyCount "74"]
[EventDate "2010.11.08"]

1. e4 g6 2. d4 Bg7 3. c3 d6 4. Nf3 Nf6 5. Bd3 O-O 6. O-O Nc6 7. Bg5 e5 8. Nbd2
Re8 9. Re1 h6 10. Bh4 a6 11. a4 Qe7 12. Nc4 Qf8 13. Qb3 exd4 14. cxd4 g5 15.
Bg3 Nh5 16. d5 Nd4 17. Nxd4 Bxd4 18. Rac1 Nxg3 19. hxg3 Qg7 20. a5 Qf6 21. Ne3
Bc5 22. Re2 b6 23. axb6 cxb6 24. Bb1 b5 25. Qc2 Qe5 26. Qd3 Bd7 27. Rf1 b4 28.
Nc4 Qd4 29. Qc2 Qg7 30. e5 Bb5 31. b3 dxe5 32. Rxe5 Rxe5 33. Nxe5 Bxf1 34. Kxf1
Qxe5 35. Qxc5 Re8 36. Qxb4 Qe2+ 37. Kg1 Qe1+ 0-1

[Event "LV C.to Torinese Assoluto"]
[Site "Torino ITA"]
[Date "2010.12.03"]
[Round "5"]
[White "Castaldo, Folco"]
[Black "Pulito, Alberto"]
[Result "1-0"]
[WhiteElo "2419"]
[BlackElo "2271"]
[PlyCount "63"]
[EventDate "2010.11.08"]

1. d4 d5 2. c4 c6 3. cxd5 cxd5 4. Nc3 Nf6 5. Bf4 Nc6 6. e3 Bf5 7. Qb3 Na5 8.
Qa4+ Bd7 9. Qc2 Rc8 10. Bd3 g6 11. Nf3 Bg7 12. O-O O-O 13. Ne5 Nc4 14. Nxd7
Nxd7 15. Nxd5 e5 16. Bxc4 b5 17. Qe2 Rxc4 18. dxe5 Nxe5 19. Rad1 Qe8 20. b3 Rc5
21. e4 Kh8 22. Be3 Rc8 23. Bxa7 f5 24. exf5 Qf7 25. Be3 gxf5 26. Qxb5 Qh5 27.
Nf4 Qh4 28. Rd5 Ng4 29. h3 Rb8 30. Qe2 Ne5 31. g3 Qh6 32. Bd4 1-0

[Event "LV C.to Torinese Assoluto"]
[Site "Torino ITA"]
[Date "2010.12.03"]
[Round "5"]
[White "Davi, Alessandro"]
[Black "Gambarino, Federico"]
[Result "1-0"]
[WhiteElo "2055"]
[BlackElo "1853"]
[PlyCount "91"]
[EventDate "2010.11.08"]

1. d4 Nf6 2. Nf3 g6 3. c4 Bg7 4. Nc3 d6 5. e4 O-O 6. Be2 e5 7. O-O Nc6 8. d5
Ne7 9. Ne1 Nd7 10. Be3 f5 11. f3 f4 12. Bf2 g5 13. Nd3 Nf6 14. Rc1 Rf7 15. c5
Ng6 16. a4 h5 17. Qc2 g4 18. cxd6 cxd6 19. Nb5 g3 20. hxg3 fxg3 21. Bxg3 h4 22.
Bf2 Nh5 23. Nc7 Rxc7 24. Qxc7 Qg5 25. Bxa7 Bh3 26. Rf2 Rf8 27. Kf1 Bh6 28. Rd1
Ng3+ 29. Ke1 Nxe2 30. gxh3 Ng1 31. f4 exf4 32. Qxd6 Bg7 33. Bc5 Qg3 34. Qe6+
Kh8 35. Qg4 Nxh3 36. Qxg3 fxg3 37. Bxf8 gxf2+ 38. Nxf2 Nxf8 39. Nxh3 Bxb2 40.
Rb1 Bc3+ 41. Ke2 Nd7 42. Rxb7 Nc5 43. Re7 Nxa4 44. d6 Bb4 45. Re8+ Kg7 46. d7
1-0

[Event "LV C.to Torinese Assoluto"]
[Site "Torino ITA"]
[Date "2010.12.03"]
[Round "5"]
[White "Gallucci, Alessio"]
[Black "De Barberis, Massimo"]
[Result "1-0"]
[WhiteElo "2185"]
[BlackElo "2076"]
[PlyCount "69"]
[EventDate "2010.11.08"]

1. e4 c5 2. Nf3 d6 3. d4 cxd4 4. Nxd4 Nf6 5. f3 Nc6 6. c4 e6 7. Nc3 Be7 8. Be3
O-O 9. Be2 d5 10. cxd5 exd5 11. Nxc6 bxc6 12. exd5 Nxd5 13. Nxd5 cxd5 14. O-O
Qa5 15. Kh1 Rd8 16. Bd4 Be6 17. a3 Bd6 18. f4 Bf5 19. Bc3 Qc5 20. Rc1 Qe3 21.
Qxd5 Be4 22. Qg5 Bf8 23. Rce1 h6 24. Qh5 Rd5 25. Qg4 Qc5 26. Bf3 Bxf3 27. Rxf3
Rad8 28. Rfe3 Qc4 29. h3 g6 30. Re4 Qc6 31. Re6 R5d6 32. f5 h5 33. Qg5 Rxe6 34.
fxe6 Rd5 35. Qf6 1-0

[Event "LV C.to Torinese Assoluto"]
[Site "Torino ITA"]
[Date "2010.12.03"]
[Round "5"]
[White "Grinza, Andrea"]
[Black "Pepino, Enrico"]
[Result "1/2-1/2"]
[WhiteElo "2207"]
[BlackElo "2206"]
[PlyCount "101"]
[EventDate "2010.11.08"]

1. d4 d5 2. c4 c6 3. Nf3 Nf6 4. Nbd2 Bf5 5. Nh4 Bg6 6. Nxg6 hxg6 7. e3 e6 8.
Bd3 Nbd7 9. O-O Bd6 10. g3 Qe7 11. e4 dxe4 12. Nxe4 Nxe4 13. Bxe4 O-O-O 14. Qa4
Rxh2 15. c5 Bb8 16. Bxc6 Rdh8 17. Bxd7+ Qxd7 18. Qxd7+ Kxd7 19. Bg5 R2h5 20.
Be3 g5 21. Kg2 g4 22. Rg1 Kc6 23. b4 f5 24. Kf1 g5 25. Bd2 Kd5 26. Ke2 Rg8 27.
Rac1 f4 28. gxf4 gxf4 29. c6 Bd6 30. Bxf4 bxc6 31. Bxd6 Kxd6 32. Rg3 Rh3 33.
Rcg1 Rxg3 34. Rxg3 e5 35. Ke3 exd4+ 36. Kxd4 Rf8 37. Ke3 Re8+ 38. Kd3 Rf8 39.
Ke3 Re8+ 40. Kd4 Rf8 41. Rxg4 Rxf2 42. a3 Ra2 43. Rg3 Kc7 44. Kc4 Ra1 45. Rc3
Kb6 46. Kb3 Rb1+ 47. Ka4 Rd1 48. Rc5 Rd5 49. Rxd5 cxd5 50. Kb3 a5 51. bxa5+
1/2-1/2

[Event "LV C.to Torinese Assoluto"]
[Site "Torino ITA"]
[Date "2010.12.03"]
[Round "5"]
[White "Melone, Antonio"]
[Black "Fabbri, Mario"]
[Result "1-0"]
[WhiteElo "2027"]
[BlackElo "2183"]
[PlyCount "41"]
[EventDate "2010.11.08"]

1. d4 d5 2. c4 c6 3. Nc3 Nf6 4. Nf3 g6 5. cxd5 Nxd5 6. e4 Nc7 7. h4 h5 8. Be3
Bg4 9. Qd2 Nd7 10. Ng5 f6 11. f3 fxg5 12. fxg4 hxg4 13. Bxg5 Nf6 14. e5 Nfd5
15. Bd3 Qd7 16. Bxg6+ Kd8 17. O-O Nxc3 18. bxc3 Nd5 19. Bf5 Qe8 20. c4 Nb6 21.
Qa5 1-0

[Event "LV C.to Torinese Assoluto"]
[Site "Torino ITA"]
[Date "2010.12.03"]
[Round "5"]
[White "Pozzi, Massimo"]
[Black "Mazzetta, Renato"]
[Result "1/2-1/2"]
[WhiteElo "2040"]
[BlackElo "1930"]
[PlyCount "69"]
[EventDate "2010.11.08"]

1. d4 d5 2. Bf4 Nf6 3. e3 e6 4. Bd3 c5 5. c3 Nc6 6. Nd2 Bd6 7. Bg3 O-O 8. Ngf3
b6 9. Ne5 Bb7 10. f4 Nd7 11. Qh5 f5 12. Nxd7 Qxd7 13. Nf3 Qe8 14. Qh3 Rf6 15.
Ne5 Rh6 16. Bh4 Nxe5 17. dxe5 Be7 18. g3 Bxh4 19. gxh4 Qh5 20. Be2 Qxh4+ 21.
Qxh4 Rxh4 22. Bf3 Ba6 23. Rd1 Rd8 24. Kf2 Bb5 25. Rd2 Kf8 26. Kg3 Rh6 27. Rhd1
Rg6+ 28. Kf2 Rh6 29. Kg1 Rh4 30. Kf2 Ke7 31. Kg3 Rh6 32. h4 Rd7 33. b3 Rc7 34.
a4 Be8 35. Rc1 1/2-1/2

[Event "LV C.to Torinese Assoluto"]
[Site "Torino ITA"]
[Date "2010.12.03"]
[Round "5"]
[White "Sarno, Spartaco"]
[Black "Barletta, Mauro"]
[Result "1-0"]
[WhiteElo "2325"]
[BlackElo "2229"]
[PlyCount "49"]
[EventDate "2010.11.08"]

1. e4 d5 2. exd5 Nf6 3. Nf3 Qxd5 4. Nc3 Qd8 5. d4 c6 6. Bc4 Bf5 7. Ne5 e6 8. g4
Bg6 9. h4 Bb4 10. Rh3 Nbd7 11. Nxd7 Qxd7 12. h5 Bxc2 13. Qxc2 Qxd4 14. Be2 Nxg4
15. Be3 Nxe3 16. fxe3 Bxc3+ 17. bxc3 Qe5 18. O-O-O O-O 19. Bd3 f5 20. c4 Rad8
21. Qb2 Qxb2+ 22. Kxb2 c5 23. Kc3 e5 24. Rhh1 b6 25. Bxf5 1-0

[Event "LV C.to Torinese Assoluto"]
[Site "Torino ITA"]
[Date "2010.12.03"]
[Round "5"]
[White "Settis, Massimo"]
[Black "Spatola, Davide"]
[Result "0-1"]
[WhiteElo "1970"]
[BlackElo "2022"]
[PlyCount "82"]
[EventDate "2010.11.08"]

1. c4 Nf6 2. g3 c5 3. Bg2 Nc6 4. Nc3 e6 5. Nf3 Be7 6. O-O O-O 7. d4 cxd4 8.
Nxd4 a6 9. e4 Qb6 10. Nxc6 bxc6 11. e5 Ne8 12. Qe2 f6 13. Be3 Qa5 14. Bf4 fxe5
15. Bxe5 Bf6 16. f4 d6 17. Bxf6 Nxf6 18. Kh1 d5 19. Rae1 Rb8 20. Qe5 Bd7 21.
Re2 Qb4 22. f5 Rbe8 23. cxd5 exd5 24. Qf4 Qxf4 25. Rxf4 Rxe2 26. Nxe2 Re8 27.
Bf3 c5 28. g4 Re5 29. Kg2 Kf8 30. Kf2 Ke7 31. Ng3 g5 32. fxg6 hxg6 33. h4 Nh7
34. g5 Be6 35. Be2 c4 36. Rd4 Nf8 37. Bf3 Kd6 38. Ne2 Kc5 39. Rf4 Bf5 40. Nd4
Ne6 41. Nxf5 Nxf4 0-1

[Event "LV C.to Torinese Assoluto"]
[Site "Torino ITA"]
[Date "2010.12.04"]
[Round "6"]
[White "Barletta, Mauro"]
[Black "Melone, Antonio"]
[Result "1/2-1/2"]
[WhiteElo "2229"]
[BlackElo "2027"]
[PlyCount "84"]
[EventDate "2010.11.08"]

1. d4 Nf6 2. Bg5 Ne4 3. h4 d5 4. Nd2 Nxg5 5. hxg5 Bf5 6. e3 e6 7. f4 c5 8. c3
cxd4 9. Bb5+ Nc6 10. exd4 Bd6 11. Qf3 Qb6 12. a4 a6 13. g4 axb5 14. gxf5 O-O-O
15. Ne2 Kb8 16. axb5 Qxb5 17. fxe6 fxe6 18. O-O g6 19. b3 h6 20. c4 Qb4 21. Qd3
dxc4 22. bxc4 Bc5 23. Nf3 Qb2 24. Rad1 hxg5 25. Qe4 Bb6 26. c5 Nxd4 27. Rxd4
Rxd4 28. Nexd4 Rh3 29. Ne2 Bxc5+ 30. Kg2 g4 31. Rb1 Qxe2+ 32. Qxe2 gxf3+ 33.
Qxf3 Rxf3 34. Kxf3 Kc7 35. Ke4 Bd6 36. Rg1 b5 37. Rxg6 Kd7 38. Rg4 b4 39. Kd4
Ke7 40. Kc4 Kf6 41. Rg1 Bxf4 42. Kxb4 e5 1/2-1/2

[Event "LV C.to Torinese Assoluto"]
[Site "Torino ITA"]
[Date "2010.12.04"]
[Round "6"]
[White "Bussa, Paolo"]
[Black "Davi, Alessandro"]
[Result "0-1"]
[WhiteElo "1909"]
[BlackElo "2055"]
[PlyCount "56"]
[EventDate "2010.11.08"]

1. Nf3 Nf6 2. g3 g6 3. Bg2 Bg7 4. d3 O-O 5. e4 d6 6. O-O c5 7. Nbd2 Nc6 8. c3
Rb8 9. Re1 Ne8 10. Nf1 b5 11. Bd2 b4 12. Qc1 bxc3 13. Bxc3 Nd4 14. Ne3 Nc7 15.
Nc4 Ncb5 16. Bd2 Ba6 17. Bh6 Bxh6 18. Qxh6 Nxf3+ 19. Bxf3 Nd4 20. Bd1 Bxc4 21.
dxc4 Rxb2 22. Qc1 Qa5 23. Qxb2 Qxe1+ 24. Kg2 Qxe4+ 25. Kg1 Qe6 26. Rc1 a5 27.
h4 Kg7 28. Bf3 Qf6 0-1

[Event "LV C.to Torinese Assoluto"]
[Site "Torino ITA"]
[Date "2010.12.04"]
[Round "6"]
[White "Castaldo, Folco"]
[Black "Sarno, Spartaco"]
[Result "1/2-1/2"]
[WhiteElo "2419"]
[BlackElo "2325"]
[PlyCount "24"]
[EventDate "2010.11.08"]

1. e4 d6 2. d4 Nf6 3. Nc3 g6 4. Nf3 Bg7 5. h3 O-O 6. Be3 c6 7. a4 a5 8. Be2 Na6
9. O-O Nb4 10. Nd2 Nd7 11. f4 f5 12. e5 Nb6 1/2-1/2

[Event "LV C.to Torinese Assoluto"]
[Site "Torino ITA"]
[Date "2010.12.04"]
[Round "6"]
[White "De Barberis, Massimo"]
[Black "Grinza, Andrea"]
[Result "1/2-1/2"]
[WhiteElo "2076"]
[BlackElo "2207"]
[PlyCount "110"]
[EventDate "2010.11.08"]

1. e4 c6 2. d4 d5 3. e5 Bf5 4. Nc3 e6 5. g4 Bg6 6. Nge2 c5 7. h4 cxd4 8. Nxd4
h5 9. Bb5+ Nd7 10. f4 hxg4 11. f5 Rxh4 12. Rf1 Rh2 13. Qxg4 exf5 14. Nxf5 Bxf5
15. Rxf5 Qh4+ 16. Qxh4 Rxh4 17. Bg5 Rh1+ 18. Bf1 f6 19. Nxd5 O-O-O 20. exf6
gxf6 21. Be3 Nh6 22. Rf4 Bd6 23. Rc4+ Kb8 24. O-O-O Nf5 25. Bf2 Be5 26. Nf4 Nd6
27. Ra4 Nb6 28. Rb4 Rc8 29. Nd3 Nd5 30. Ra4 Nb6 31. Bxb6 axb6 32. Nxe5 fxe5 33.
Rxd6 Rxf1+ 34. Rd1 Rf2 35. c3 Rh8 36. Rc4 b5 37. Rc5 Rhh2 38. Rxb5 e4 39. a4 e3
40. Re1 Rh4 41. Rb4 Rxb4 42. cxb4 Rf4 43. Rxe3 Rxb4 44. b3 Ka7 45. Kc2 Rh4 46.
Kc3 Ka6 47. b4 Rg4 48. Re6+ b6 49. a5 Rg3+ 50. Kc4 Rg4+ 51. Kb3 Rg3+ 52. Ka4
Rg4 53. Rxb6+ Ka7 54. Rc6 Kb7 55. Kb5 Rxb4+ 1/2-1/2

[Event "LV C.to Torinese Assoluto"]
[Site "Torino ITA"]
[Date "2010.12.04"]
[Round "6"]
[White "Fassio, Luca"]
[Black "Gallucci, Alessio"]
[Result "0-1"]
[WhiteElo "2071"]
[BlackElo "2185"]
[PlyCount "98"]
[EventDate "2010.11.08"]

1. e4 e5 2. Nf3 Nc6 3. Bc4 Nf6 4. Ng5 d5 5. exd5 b5 6. Bxb5 Qxd5 7. Bxc6+ Qxc6
8. Qf3 e4 9. Qc3 Bb7 10. Qxc6+ Bxc6 11. O-O h6 12. Nh3 O-O-O 13. Nc3 g5 14. a4
Nh5 15. Ne2 f5 16. Ng3 Ng7 17. b3 f4 18. Ne2 f3 19. Ng3 Ne6 20. Bb2 Rg8 21. Nh5
Bc5 22. Bc3 fxg2 23. Rfe1 g4 24. N3f4 Ng5 25. Re3 Bxe3 26. dxe3 Rd6 27. Kxg2
Rgd8 28. Bd4 Nf3 29. c3 Be8 30. Nf6 Bc6 31. N6h5 a5 32. Ng3 Nh4+ 33. Kg1 Bb7
34. b4 axb4 35. cxb4 Nf3+ 36. Kg2 Nxd4 37. exd4 Rxd4 38. b5 e3+ 39. Kf1 Rxf4
40. Ke2 Rxf2+ 41. Kxe3 Rxh2 42. a5 Rh3 43. Rg1 Rd5 44. a6 Ba8 45. Kf4 h5 46.
Re1 Rd4+ 47. Ke5 Rd8 48. Rg1 Rd5+ 49. Ke6 Rxb5 0-1

[Event "LV C.to Torinese Assoluto"]
[Site "Torino ITA"]
[Date "2010.12.04"]
[Round "6"]
[White "Gambarino, Federico"]
[Black "Settis, Massimo"]
[Result "0-1"]
[WhiteElo "1853"]
[BlackElo "1970"]
[PlyCount "66"]
[EventDate "2010.11.08"]

1. e4 e5 2. Nf3 Nc6 3. Bb5 a6 4. Ba4 Nf6 5. O-O Be7 6. Re1 b5 7. Bb3 d6 8. c3
O-O 9. h3 Na5 10. Bc2 c5 11. d4 Qc7 12. Nbd2 Nc6 13. d5 Nd8 14. b3 Ne8 15. a4
Rb8 16. Bd3 g6 17. axb5 axb5 18. Qe2 Bd7 19. Ra2 Ng7 20. Kh2 f5 21. Bb2 Nf7 22.
Rea1 Rb7 23. Ra5 Rfb8 24. R1a2 Nh5 25. g3 Nf6 26. c4 fxe4 27. Nxe4 Nxe4 28.
Bxe4 bxc4 29. Nxe5 Nxe5 30. Bxe5 cxb3 31. Ra1 b2 32. Bc3 bxa1=Q 33. Rxa1 Qd8
0-1

[Event "LV C.to Torinese Assoluto"]
[Site "Torino ITA"]
[Date "2010.12.04"]
[Round "6"]
[White "Mazzetta, Renato"]
[Black "Banchio, Davide"]
[Result "1/2-1/2"]
[WhiteElo "1930"]
[BlackElo "1945"]
[PlyCount "67"]
[EventDate "2010.11.08"]

1. e4 c5 2. Nc3 Nc6 3. g3 g6 4. Bg2 Bg7 5. d3 e6 6. Nge2 Nge7 7. O-O O-O 8. Be3
d6 9. Qd2 Rb8 10. f4 b5 11. e5 Nd4 12. Nxd4 cxd4 13. Bxd4 Bb7 14. Bxa7 dxe5 15.
Bxb8 Qxb8 16. Rae1 exf4 17. Qxf4 Qa8 18. Bxb7 Qxb7 19. Qf3 Qb6+ 20. Kh1 Nf5 21.
Nd1 b4 22. c3 bxc3 23. bxc3 Qa7 24. Rf2 h5 25. d4 Rb8 26. Ne3 Nh6 27. Nc4 Nf5
28. Qg2 Qc7 29. Qf1 Bh6 30. Rf3 Rc8 31. Ne3 Nxe3 32. Rexe3 Bxe3 33. Rxe3 Qa5
34. Rf3 1/2-1/2

[Event "LV C.to Torinese Assoluto"]
[Site "Torino ITA"]
[Date "2010.12.04"]
[Round "6"]
[White "Pepino, Enrico"]
[Black "Barbiso, Tiziana"]
[Result "1-0"]
[WhiteElo "2206"]
[BlackElo "2057"]
[PlyCount "99"]
[EventDate "2010.11.08"]

1. e4 e6 2. d4 d5 3. Nd2 Nc6 4. Ngf3 Nf6 5. e5 Nd7 6. Bd3 f6 7. Ng5 Ndxe5 8.
dxe5 fxg5 9. Qh5+ g6 10. Bxg6+ Kd7 11. Bd3 Nxe5 12. Be2 Be7 13. f4 Ng6 14. Nf3
c6 15. Nxg5 Qf8 16. O-O Kc7 17. Kh1 Bd7 18. Bd2 Qg7 19. Bg4 e5 20. Bxd7 Bxg5
21. Qxg5 Qxd7 22. fxe5 Rae8 23. Rae1 Rhg8 24. Qh5 Re6 25. Rf6 Rge8 26. Rxe6
Rxe6 27. Qf5 Qe8 28. Bf4 Qe7 29. Bg3 b6 30. h3 Qe8 31. Kh2 Qe7 32. b3 Qe8 33.
a4 Qe7 34. c3 Kb7 35. b4 Qe8 36. h4 a6 37. h5 Nf8 38. Bf4 c5 39. bxc5 bxc5 40.
g4 Qe7 41. Kh3 h6 42. c4 d4 43. Qe4+ Ka7 44. Qd5 Nd7 45. a5 Nb8 46. Bg3 Nd7 47.
Rb1 Nxe5 48. Re1 Nf3 49. Rxe6 Qxe6 50. Qxf3 1-0

[Event "LV C.to Torinese Assoluto"]
[Site "Torino ITA"]
[Date "2010.12.04"]
[Round "6"]
[White "Pulito, Alberto"]
[Black "Giacometto, Mario"]
[Result "1-0"]
[WhiteElo "2271"]
[BlackElo "1995"]
[PlyCount "53"]
[EventDate "2010.11.08"]

1. e4 Nf6 2. e5 Nd5 3. c4 Nb6 4. c5 Nd5 5. Nc3 e6 6. d4 d6 7. cxd6 cxd6 8. Nf3
Nc6 9. Bd3 dxe5 10. dxe5 Ndb4 11. Be4 Qxd1+ 12. Kxd1 a5 13. Be3 Be7 14. a3 Na6
15. Na4 O-O 16. Ke2 Rb8 17. Rac1 Bd7 18. Nb6 Be8 19. Rhd1 f6 20. Nd7 Bxd7 21.
Rxd7 Rf7 22. Bd3 Nd8 23. Bb6 a4 24. Bc4 Kf8 25. Rcd1 Ke8 26. Bb5 Nc6 27. Rxb7
1-0

[Event "LV C.to Torinese Assoluto"]
[Site "Torino ITA"]
[Date "2010.12.04"]
[Round "6"]
[White "Spatola, Davide"]
[Black "Fabbri, Mario"]
[Result "0-1"]
[WhiteElo "2022"]
[BlackElo "2183"]
[PlyCount "68"]
[EventDate "2010.11.08"]

1. d4 d5 2. Nf3 Nf6 3. Bg5 c6 4. e3 Qb6 5. Qc1 Nbd7 6. Nbd2 h6 7. Bf4 Nh5 8.
Bd3 Nxf4 9. exf4 Qc7 10. Ne5 Nxe5 11. fxe5 Bd7 12. b4 a5 13. a3 axb4 14. axb4
Rxa1 15. Qxa1 e6 16. c3 Be7 17. O-O O-O 18. f4 b6 19. Rb1 f6 20. Rb2 fxe5 21.
fxe5 c5 22. bxc5 bxc5 23. Ra2 cxd4 24. cxd4 Bb4 25. Ra7 Qb6 26. Ra6 Qc7 27. Ra7
Qb8 28. Rxd7 Bxd2 29. Qa6 Be3+ 30. Kh1 Qb2 31. Qxe6+ Kh8 32. h4 Qf2 33. Kh2
Bf4+ 34. Kh1 Qe1+ 0-1